000
00240nam a22000857a 4500
008
160720b xxu||||| |||| 00| 0 eng d
100
_9
3073
_a
Murphy J
245
_a
The power of your subconscious Mind
260
_a
New Delhi
_b
A & A Publication
_c
2012
999
_c
2636
_d
2636